00000000nam 2200000zi 4500
0019.947542
003CaOODSP
00520250130094437
006m     o  d f      
007cr cn|||||||||
008250129t20172017oncbd   obs  f000 0 fre d
040 |aCaOODSP|bfre|erda|cCaOODSP
043 |an-cn---
0861 |aCS95-640/16-2016F-PDF
24504|aLes exploitants agricoles s'adaptent à l'évolution des marchés.
264 1|a[Ottawa] : |bStatistique Canada = Statistics Canada, |c2017.
264 4|c©2017
300 |a1 ressource en ligne (14 pages) : |bcartes, graphiques.
336 |atexte|btxt|2rdacontent/fre
337 |ainformatique|bc|2rdamedia/fre
338 |aressource en ligne|bcr|2rdacarrier/fre
500 |aTitre de la couverture.
500 |a« Date de diffusion : le 14 juin 2017. »
500 |aPublié aussi en anglais sous le titre : Farmers are adapting to evolving markets.
504 |aComprend des références bibliographiques (page 14).
520 |a« En éliminant l'effet de la variation des prix, les revenus agricoles bruts ont totalisé 69,4 milliards de dollars en 2015, ce qui constitue une augmentation de 4,7 % par rapport à 2010. Les exploitations ayant des revenus élevés étaient à l'origine de la majeure partie de cette hausse » -- Page 3.
650 6|aAgriculteurs|zCanada|xConditions économiques|vStatistiques.
650 6|aAgriculture|xAspect économique|zCanada|vStatistiques.
655 7|aStatistiques|2rvmgf
7101 |aCanada.|bStatistique Canada, |eorganisme de publication.
77508|tFarmers are adapting to evolving markets.|w(CaOODSP)9.947541
85640|qPDF|s2.20 Mo|uhttps://publications.gc.ca/collections/collection_2025/statcan/95-640-x/CS95-640-16-2016-fra.pdf
8564 |qHTML|sS.O.|uhttps://www150.statcan.gc.ca/n1/pub/95-640-x/2016001/article/14815-fra.htm
986 |a95-640-X